The Emerging Mind : (Record no. 588014)

MARC details
000 -LEADER
fixed length control field 00489nam a2200193 a 4500
008 - FIXED-LENGTH DATA ELEMENTS--GENERAL INFORMATION
fixed length control field 250918s2003##################000#0#eng##
020 ## - INTERNATIONAL STANDARD BOOK NUMBER
ISBN 9781861973030
082 04 - DEWEY DECIMAL CLASSIFICATION NUMBER
Classification number 153
Item number RAM
100 1# - MAIN ENTRY--AUTHOR NAME
Personal name Ramachandran, V. S.,
245 10 - TITLE STATEMENT
Title The Emerging Mind :
260 ## - PUBLICATION, DISTRIBUTION, ETC. (IMPRINT)
Name of publisher Gardners Books,
Year of publication 2003.
300 ## - PHYSICAL DESCRIPTION
Number of Pages 208 pages
650 #0 - SUBJECT ADDED ENTRY--TOPICAL TERM
Topical Term Psychology.
942 ## - ADDED ENTRY ELEMENTS (KOHA)
Koha item type English Books
Holdings
Withdrawn status Lost status Damaged status Not for loan Home library Current library Shelving location Date acquired Full call number Accession Number Price effective from Koha item type
        Anna Centenary Library Anna Centenary Library 3RD FLOOR, A WING 19.09.2025 153 RAM 311329 19.09.2025 English Books

Find us on the map